000 00710nam a2200241Ia 4500
999 _c53667
_d53667
001 20714
003 GE_BSU
005 20221110152014.0
008 181216s2015||||xx |||||||||||||| ||eng||
020 _a9781137453389x
040 _cGE_BSU
041 _aeng
080 _a327 M-10
100 _aMcCormick, John
_910375
245 _aEuropean Union Politics /
_cJohn McCormick.
250 _aSecond edition
264 _aLondon :
_bPalgrave macmillan,
_c2015.
300 _a455 p. :
_bill. ;
_c24 cm.
653 _aEuropean Union Politics
653 _aПолитика Европейского Союза
653 _aევროკავშირის პოლიტიკა
942 _cBK
_2udc